000 01728cam a2200481 4500
003 PE-LiUPU
005 20250731165500.0
008 250320b |||||||| |||| 00| 0 spa d
020 _a8428324336
035 _a(Sirsi) i9788428324335
035 _a(Sirsi) 22951
035 _a(Sirsi) 22951
040 _bspa
_cPE-LiUPU
_dPE-LiUPU
_erda
041 _aes
044 _aes
082 0 4 _a001.62436
_bL864f
100 1 _aLópez Herranz, José
245 _aFundamentos de programación /
_cJosé López Herranz.
264 1 _aMadrid :
_bParaninfo,
_c1998
300 _a327 páginas :
_bilustraciones ;
_c24 cm.
505 0 _aConceptos básicos sobre programación -- Estructuras básicas de datos -- Programación estructurada -- Estructuras estaticas de datos (tablas) -- estructuras dinámicas de datos -- Diseño modular de programas -- Estrutcuras externas de datos (ficheros) -- Documentación de programas -- Programación en lenguaje C: conceptos del lenguaje C y tipos de datos -- Estructura de un programa en C -- Arrays -- Punteros y gestión dinámica de memoria -- Funciones -- Estructura compuestas -- Ficheros.
526 _aSEG44
526 _aSEG26
526 _aP151
526 _aP150
526 _aP149
526 _aP146
526 _aP145
526 _aP126
526 _aP125
526 _aP92
526 _aP75
526 _aP74
526 _aP27
526 _aP15
650 1 4 _aLenguaje de programación
700 1 _aQuero Catalinas, Enrique
910 _aaj-op
942 _2ddc
_cBK
949 _a001.624 36
_i46019
_lCCODEBUL1
_mBUL
_tLIBRO
_o.STAFF. Circulación
999 _c22802
_d22802
980 _81
_gALBERTO SANCHEZ Responsable de Automatización